000
00265nam a2200109 a 4500
008
111125s2002|||| d
100
1
_a
Richard, Jack
245
1
0
_a
Yellowstone country
260
_b
Roberts Rinehart
_a
Londýn
_c
2002
020
_c
100
044
_a
xo
_c
SK
999
_c
18329
_d
18329